000 00612nam a2200181Ia 4500
005 20260429112243.0
008 260429s9999||||xx |||||||||||||| ||und||
020 _a9789348033093
041 _aHindi
082 _a320.5
_bDEV
100 _aदेव, आचार्य नरेंद्र
245 0 _aराष्ट्रीयता और समाजवाद /
_cआचार्य नरेंद्र देव
250 _a1st ed.
260 _aदिल्ली :
_bप्रकाशन संस्थान,
_c2025.
300 _a575 p.; Hb
650 _aSocial Sciences
942 _cTB
999 _c53141
_d53141